00594nam a22001577a 4500003000400000005001700004008004100021040001800062100003100080245016900111260002000280650002200300650002900322700002700351856005800378OSt20260227154410.0240613b ||||| |||| 00| 0 eng d cAIMIT LIBRARY aMonteiro, Anisha.e2116018 aStudy on the impact of employee motivation and engagement on employees performance with reference to Mandovi Pvt Ltd /cBy Anish Monteiro ; Guided by Rowena Wright. aMangalorec2023 aLiterature review aStatement of the problem aWright, Rowena.eGuide 3Mandovi Motors Private Limited ywww.mandovimotors.in